000 00888nam a2200277 i 4500
001 bg
100 1 _aPASTUCHA, Ludwik
245 1 0 _aKinetyka i termodynamika rozdrabniania strumieniowego /
_cLudwik Pastucha, Eugeniusz Mielczarek ; Politechnika Częstochowska.
260 _aCzęstochowa :
_bWydaw. PC,
_c1994.
300 _a297, [1] s. :
_brys., wykr. ;
_c24 cm.
504 _aBibliogr. przy rozdz.
650 9 _aMłyny
_xteoria
650 9 _aRozdrabnianie
_xfizyka
650 9 _aTechnika strumieniowa
_xurządzenia
650 9 _aTermodynamika techniczna
650 9 _aTransport pneumatyczny
_xurządzenia
655 _aPodręczniki
700 1 _aMIELCZAREK, Eugeniusz
020 _a8385031413
040 _cBPK
041 0 _apol
080 _a621.926/.929:621.51/.54:532:536.7](07)
920 _a83-85031-41-3
942 _cKS
008 s pl f |000 0 pol
999 _c7006
_d7006
856 _uhttp://koha.tu.koszalin.pl/cgi-bin/koha/opac-detail.pl?biblionumber=7006
_yKatalog online BPK